书目信息 |
| 题名: |
新版电工实用电路300例
|
|
| 作者: | 黄海平 , 黄鑫 编著 | |
| 分册: | ||
| 出版信息: | 北京 科学出版社 2014 |
|
| 页数: | 13,281页 | |
| 开本: | 21cm | |
| 丛书名: | ||
| 单 册: | ||
| 中图分类: | TM13 | |
| 科图分类: | ||
| 主题词: | 电路--基本知识 , 电路 | |
| 电子资源: | ||
| ISBN: | 978-7-03-040157-1 | |
| 000 | 00852nam0 2200253 450 | |
| 001 | 140628 | |
| 005 | 20140929093329.98 | |
| 010 | @a978-7-03-040157-1@dCNY 32.00 | |
| 100 | @a20140519d2014 em y0chiy50 ea | |
| 101 | 0 | @achi |
| 102 | @aCN@b110000 | |
| 105 | @ay z 000yy | |
| 200 | 1 | @a新版电工实用电路300例@Axin ban dian gong shi yong dian lu 300 li@b专著@f黄海平,黄鑫编著 |
| 210 | @a北京@c科学出版社@d2014 | |
| 215 | @a13,281页@d21cm | |
| 300 | @a实用技术 | |
| 330 | @a本书主要内容包括电动机控制电路、照明电路、供排水电路、保护电路、电能表测量电路、电容补偿器接线、调速电路、温度控制电路、漏电保护电路等。 | |
| 606 | 0 | @a电路@x基本知识 |
| 606 | 0 | @a电路 |
| 690 | @aTM13@v5 | |
| 701 | 0 | @a黄海平@Ahuang hai ping@f(1966 )@4编著 |
| 701 | 0 | @a黄鑫@Ahuang xin@c(电工技术)@4编著 |
| 801 | 0 | @aCN@bZL@c20140929 |
| 905 | @a241430@dTM13@eH8304 | |
| 新版电工实用电路300例/黄海平,黄鑫编著.-北京:科学出版社,2014 |
| 13,281页;21cm |
| 实用技术 |
| ISBN 978-7-03-040157-1:CNY 32.00 |
| 本书主要内容包括电动机控制电路、照明电路、供排水电路、保护电路、电能表测量电路、电容补偿器接线、调速电路、温度控制电路、漏电保护电路等。 |
| ● |
| 相关链接 |
|
|
|
正题名:新版电工实用电路300例
索取号:TM13/H8304
 
预约/预借
| 序号 | 登录号 | 条形码 | 馆藏地/架位号 | 状态 | 备注 |
| 1 | 0835732 | 208357320 | 自科库301/301自科库 7排4列5层/ [索取号:TM13/H8304] | 在馆 | |
| 2 | 0835733 | 208357339 | 自科二线404/404自科库 13排4列3层/ [索取号:TM13/H8304] | 在馆 | |
| 3 | 0835734 | 208357348 | 自科库301/301自科库 7排4列5层/ [索取号:TM13/H8304] | 在馆 |